Linkages in the landscape : (Registro nro. 5029)
[ vista simple ]
| 000 -CABECERA | |
|---|---|
| Campo de control | 01150cam a2200277 a 4500 |
| 005 - FECHA Y HORA DE LA ULTIMA TRANSACCION | |
| Campo de control | 20200104041555.0 |
| 008 - ELEMENTOS DE LONGITUD FIJA—INFORMACION GENERAL | |
| Campo de control | 060813s2003 sz ab b i001 0 eng |
| 020 ## - ISBN | |
| ISBN | 2831702216 |
| 040 ## - FUENTE DE CATALOGACIÓN | |
| Agencia catalogadora original | UKM |
| Agencia transcriptora | UKM |
| Agencia Modificadora | DLC |
| -- | CO-BoIAVH |
| 041 0# - IDIOMA | |
| Código de idioma para texto/pista de sonido o título separado | Inglés |
| 044 ## - PAÍS DE PUBLICACIÓN | |
| País de publicación | Suiza |
| 082 00 - NUMERO DE CLASIFICACION DECIMAL DEWEY | |
| Número de clasificación | 577.27 |
| Número del ítem | B47l |
| 100 1# - ASIENTO PRINCIPAL--NOMBRE PERSONAL | |
| Nombre personal | Bennett, Andrew F. |
| Término relacionado | autor |
| 9 (RLIN) | 72678 |
| 245 10 - MENCION DE TITULO | |
| Título | Linkages in the landscape : |
| Parte restante del título | the role of corridors and connectivity in wildlife conservation / |
| Mención de responsabilidad | Andrew F. Bennett. |
| 260 ## - PUBLICACION, DISTRIBUCION, ETC. (PIE DE IMPRENTA) | |
| Lugar de publicación, distribución, etc. | Gland, Suiza : |
| Nombre del editor, distribuidor, etc. | IUCN--the World Conservation Union, |
| Fecha de publicación, distribución, etc. | 2003. |
| 300 ## - DESCRIPCION FISICA | |
| Extensión | xiv, 254 páginas : |
| Otros detalles físicos | ilustraciones y mapas ; |
| Dimensiones | 25 x 16 cm. |
| 490 0# - MENCION DE SERIE | |
| Mención de serie | Conserving forest ecosystem series ; |
| Designación numérica/secuencial del volumen | 1 |
| 500 ## - NOTA GENERAL | |
| Nota general | En el encabezado del título: The IUCN Forest Conservation Programme |
| 504 ## - NOTA DE BIBLIOGRAFIA, ETC. | |
| Nota de bibliografía | Incluye referencias bibliográficas: páginas 205-240, e índice. |
| 650 16 - ASIENTO SECUNDARIO DE MATERIA - TERMINO TEMATICO | |
| Término temático o nombre geográfico como elemento de entrada | Rutas |
| Subdivisión general | Ecología |
| 9 (RLIN) | 72711 |
| 650 26 - ASIENTO SECUNDARIO DE MATERIA - TERMINO TEMATICO | |
| Término temático o nombre geográfico como elemento de entrada | Conservación de la naturaleza |
| 9 (RLIN) | 97 |
| 650 24 - ASIENTO SECUNDARIO DE MATERIA - TERMINO TEMATICO | |
| Término temático o nombre geográfico como elemento de entrada | Conservación de la vida silvestre |
| 9 (RLIN) | 158 |
| 710 2# - ASIENTO SECUNDARIO - NOMBRE CORPORATIVO | |
| Nombre corporativo o de jurisdicción como elemento de entrada | International Union for Conservation of Nature and Natural Resources. |
| 9 (RLIN) | 72714 |
| 710 2# - ASIENTO SECUNDARIO - NOMBRE CORPORATIVO | |
| Nombre corporativo o de jurisdicción como elemento de entrada | IUCN Forest Conservation Programme. |
| 9 (RLIN) | 72683 |
| 942 ## - ELEMENTOS ADICIONALES (KOHA) | |
| Sistema de clasificación | Dewey Decimal Classification |
| Tipo de ítem | Libro |
| Withdrawn status | Lost status | Sistema de Clasificación | Damaged status | No para préstamo | Colección | Inventariado | Ubicación Permanente | Ubicación actual | Fecha de adquisición | Fuente de Valor | Total Checkouts | Número topográfico | Inventario / Código de Barras | Date last seen | Ejemplar | Price effective from | Forma de adquisición | Tipo de material |
|---|---|---|---|---|---|---|---|---|---|---|---|---|---|---|---|---|---|---|
| Dewey Decimal Classification | General | Inventariado 2017 | Bogotá | Bogotá | 28/12/2005 | Instituto | LB-577.27 B47l | 022702 | 04/12/2012 | Ej. 1 | 04/12/2012 | Compra | Libro |